Statistiken für Geographie nach Buchstabe - Y

Klicken Sie hier um das Quiz zu spielen!

Allgemein

  • Dieses Quiz wurde 908 mal gespielt
  • Das Durchschnittsergebnis liegt bei 9 aus 16

Antwortstatistiken

Hinweis Antwort % Korrekt
Japanische WährungYen
96%
Stadt im nördlichen EnglandYork
86%
Indische DehndisziplinYoga
84%
Der erste Nationalpark der WeltYellowstone
73%
Mexikanische Halbinsel bekannt
für einen prähistorischen Meteoriteneinschlag
Yucatán
73%
Nationalpark in KalifornienYosemite
68%
US-Universität der Ivy LeagueYale
67%
Riesige Stadt südlich von TokioYokohama
60%
Kanadisches Territorium im fernen NordwestenYukon
60%
Hauptstadt KamerunsYaoundé
57%
Hauptstadt der ElfenbeinküsteYamoussoukro
49%
Im 1. Weltkrieg stark umkämpfte belgische StadtYpern
37%
Bäderstadt am südlichen Ende des NeuenburgerseeYverdon-les-Bains
17%
Stadt im südlichen ArizonaYuma
15%
Höchster Rang im SumoringenYokozuna
14%
Fluss und Département in FrankreichYonne
11%

Verteilung der Resultate

Perzentil nach korrekt beantworteten Fragen

Anzahl Personen mit jedem Resultat

Ihre Resultats-Entwicklung

Sie haben dieses Quiz noch nicht gespielt